Filme erraten mit Bildern - Buchstabe M - Statistiken

Allgemein
  • Dieses Quiz wurde 65 mal gespielt
  • Das Durchschnittsergebnis liegt bei 4 aus 16
Antwortstatistiken
Bildquiz Antwort % Korrekt
Madagascar
79%
Maleficent
54%
Mamma Mia
54%
Magic Mike
44%
Man of Steel
35%
Mad Max
32%
Manche mögen's heiß
19%
Mars Attacks
11%
Mäusejagd
9%
Mary & Max oder : Schrumpfen Schafe, wenn es regnet?
5%
Made in America
4%
Mannequin
4%
Der Manchurian Kandidat
2%
Die Mächte des Wahnsinns
0%
Mädesltrip
0%
Magnolia
0%
Keine übereinstimmenden Quizze gefunden
Verteilung der Resultate
Anzahl Personen mit jedem Resultat
Perzentil nach korrekt beantworteten Fragen
Ihre Resultats-Entwicklung
Sie haben dieses Quiz noch nicht gespielt